| 000 | 00472nam a22001697a 4500 | ||
|---|---|---|---|
| 003 | NUST - PNEC | ||
| 005 | 20170116180802.0 | ||
| 008 | 150416b xxu||||| |||| 00| 0 eng d | ||
| 040 | _cLIBRARY | ||
| 082 | _a297.5 ASH | ||
| 100 |
_92650 _aAshraf, Ali Thanvi |
||
| 245 |
_aBahishti zewar _cMaulana Ashraf Ali Thanvi |
||
| 260 |
_aRawalpindi _bTameeri Kutab Khana, |
||
| 300 |
_avarious pagings: _c24 cm. |
||
| 650 |
_92653 _aIslam, Human life _xGeneral |
||
| 942 |
_2ddc _cBK |
||
| 999 |
_c63020 _d63020 |
||